The anthropology of medicine : from culture to method

Saved in:
Bibliographic Details
Other Authors: Romanucci-Ross, Lola (edtf), Moerman, Daniel E. (Editor), Tancredi, Laurence R. (Editor)
Format: Book
Language:English
Published: New York : Bergin and Garvey, 1991
Edition:2nd ed.
Subjects:
Tags: Add Tag
No Tags, Be the first to tag this record!

MARC

LEADER 00000cam a2200000 i 4500
001 1/5360
008 960528s1991 eng d
020 |a 0-89789-263-1 
035 |l 10015976 
040 |a GR-MY-UA  |b gre  |e aacr 
041 0 |a eng 
082 0 |a 306.46 
245 1 4 |a The anthropology of medicine :  |b from culture to method /  |c edited by Lola Romanucci-Ross, Daniel E. Moerman, Laurence R. Tancredi 
250 |a 2nd ed. 
260 |a New York :   |b Bergin and Garvey,   |c 1991 
300 |a xv, 442 σ.;  |b εικ.;  |c 25 εκ. 
504 |a Περιέχει βιβλιογραφικές παραπομπές και ευρετήριο 
650 0 0 |a Medical anthropology. 
650 0 0 |a Traditional medicine. 
650 0 0 |a Materia medica, Vegetable. 
650 0 0 |a Mental illness  |x Social aspects. 
650 0 0 |a Psychiatry, Transcultural. 
700 1 |a Romanucci-Ross, Lola,  |e edtf 
700 1 |a Moerman, Daniel E.  |e edt 
700 1 |a Tancredi, Laurence R.  |e edt 
852 |a INST  |b LESVOS  |e 19960528  |h 306.461 ANT  |p 005100004770  |q 005100004770  |t BK  |y 0 
909 |a Λ  |b 023392